000 00788nam a2200253 a 4500
001 49768
003 BD-RjUL
005 20211209054727.0
008 160822s1967 nyu b 001 0 eng
020 _a202360016
035 _a(BD-RjUL)49888
040 _aDLC
_cDLC
_dDLC
_beng
041 _aeng
082 0 0 _a362.82
_bFEF 1979
100 1 _aFeldman, Frances Lomas.
_9149193
245 1 0 _aFamily social welfare :
_bhelping troubled families /
_cFrances Lomas Feldman and Frances H. Scherz.
260 _aNew York :
_bAtherton Press,
_c1967 [Printing 1979]
300 _axi, 386 p. ;
_c25 cm.
504 _aInclude Bibliography and index
650 0 _aFamily social work.
_9148573
700 1 _aScherz, Frances H.,
_ejoint author.
_9149194
942 _2ddc
_cBK
999 _c49768
_d49768